| 000 | 01155nam a2200277 i 4500 | ||
|---|---|---|---|
| 001 | 91981 | ||
| 003 | ES-MaACL | ||
| 005 | 20250825062630.0 | ||
| 007 | t| | ||
| 008 | 050311s1997 sp ||||1| spa d | ||
| 020 | _a978-84-7844-373-4 | ||
| 080 | _a087.5:82-34(082.2) | ||
| 245 | 0 | 4 |
_aLas mejores historias sobre perros / _csegún Gerald Durrell ; traducción de Javier Alfaya. |
| 260 |
_aMadrid : _bSiruela, _c[1997] |
||
| 300 |
_a234 p. ; _c29 cm. |
||
| 490 | 1 |
_aLas tres edades ; _v56 |
|
| 505 | 8 | _aContiene 16 relatos de: Eric Parker, Sir Hugh Walpole, Jack London, Sir Arthur Bryant, Rudyard Kipling, P.G. Wodehouse, Joyce Stranger, James Douglas, Jerome K. Jerome, Albert Payson Terhune, Cecil Aldin, W.H. Hudson, Alexander Woollcott, G.K. Chesterton, Jilly Cooper y Virginia Woolf | |
| 650 | 1 | 4 |
_aCuentos- _vLibros infantiles. _911478 |
| 650 | 4 |
_aPerros- _xEn la literatura. _9173749 |
|
| 655 | 7 |
_aLibros infantiles _2tgfbne _9226786 |
|
| 700 | 1 |
_aAlfaya, Javier, _d1939-2018 _919827 |
|
| 700 | 1 |
_aDurrell, Gerald ( _d1925-1995) _946320 |
|
| 830 | 1 |
_aLas tres edades ; _v56 _9178625 |
|
| 852 | 4 |
_aES-MaACL _jE-10803 |
|
| 999 |
_c91981 _d91981 |
||